000 00358nam a2200145Ia 4500
008 230711s9999||||xx |||||||||||||| ||und||
041 _aENG
082 _bSE-U
100 _aSehgal,R L.
245 3 _aAn introduction to UDC
250 _a1st Ed.
260 _c1994
_aNew Delhi
_bEss Ess Publication
650 _aLibrary and Information Science
942 _cBK
999 _c4212
_d4212